| 000 | 00556nam a2200181Ia 4500 | ||
|---|---|---|---|
| 005 | 20250508153215.0 | ||
| 008 | 008 250505s9999 xx 000 0 eng d | ||
| 037 | _aBooks to be hide in OPAC | ||
| 040 |
_aFEDL _beng _cFEDL |
||
| 041 |
_aeng _2eng |
||
| 084 |
_a060, IND/O _qFEDL |
||
| 245 | 0 | _aIndian National commission for cooperation with UNESCO | |
| 245 | 0 | _cMinistry of Education Government of India | |
| 260 |
_aDelhi, India _bMinistry of Education _c1962 |
||
| 300 | _a77p. | ||
| 942 |
_cHB _h060, IND/O |
||
| 999 |
_c1341258 _d1341258 |
||